MyGZULibrary

Contemporary management / (Record no. 7032)

MARC details
000 -LEADER
fixed length control field 01789cam a2200313 a 4500
001 - CONTROL NUMBER
control field 16232684
003 - CONTROL NUMBER IDENTIFIER
control field GZU
005 - DATE AND TIME OF LATEST TRANSACTION
control field 20210504121856.0
008 - FIXED-LENGTH DATA ELEMENTS--GENERAL INFORMATION
fixed length control field 100514s2011 nyua 001 0 eng
010 ## - LIBRARY OF CONGRESS CONTROL NUMBER
LC control number 2010020430
020 ## - INTERNATIONAL STANDARD BOOK NUMBER
International Standard Book Number 9780078112690 (alk. paper)
020 ## - INTERNATIONAL STANDARD BOOK NUMBER
International Standard Book Number 0078112699 (alk. paper)
035 ## - SYSTEM CONTROL NUMBER
System control number (OCoLC)ocn496956032
040 ## - CATALOGING SOURCE
Original cataloging agency DLC
Transcribing agency DLC
Modifying agency YDX
-- BTCTA
-- YDXCP
-- DLC
050 00 - LIBRARY OF CONGRESS CALL NUMBER
Classification number HD31
Item number .JON 2008
082 00 - DEWEY DECIMAL CLASSIFICATION NUMBER
Classification number 658
Edition number 22
100 1# - MAIN ENTRY--PERSONAL NAME
Personal name Jones, Gareth R.
245 10 - TITLE STATEMENT
Title Contemporary management /
Statement of responsibility, etc. Gareth R. Jones, Jennifer M. George.
250 ## - EDITION STATEMENT
Edition statement 5th ed.
260 ## - PUBLICATION, DISTRIBUTION, ETC.
Place of publication, distribution, etc. New York :
Name of publisher, distributor, etc. McGraw-Hill/Irwin,
Date of publication, distribution, etc. c2008.
300 ## - PHYSICAL DESCRIPTION
Extent xxxiii, 805 p. :
Other physical details ill. (chiefly col.) ;
Dimensions 29 cm.
500 ## - GENERAL NOTE
General note Includes bibliographical references and index.
505 0# - FORMATTED CONTENTS NOTE
Formatted contents note Managers and managing -- The evolution of management thought -- Values, attitudes, emotions, and culture : the manager as a person -- Ethics and social responsibility -- Managing diverse employees in a multicultural environment -- Managing in the global environment -- Decision making, learning, creativity, and entrepreneurship -- The manager as a planner and strategist -- Value-chain management : functional strategies for competitive advantage -- Managing organizational structure and culture -- Organizational control and change -- Motivation and performance -- Leadership -- Effective groups and teams -- Promoting effective communication -- Managing conflict, politics, and negotiation -- Using advanced information technology to increase performance.
650 #0 - SUBJECT ADDED ENTRY--TOPICAL TERM
Topical term or geographic name entry element Management.
700 1# - ADDED ENTRY--PERSONAL NAME
Personal name George, Jennifer M.
906 ## - LOCAL DATA ELEMENT F, LDF (RLIN)
a 7
b cbc
c orignew
d 1
e ecip
f 20
g y-gencatlg
942 ## - ADDED ENTRY ELEMENTS (KOHA)
Source of classification or shelving scheme Library of Congress Classification
Koha item type Books
Edition 5th ed.
Classification part 31
Item part JON
Call number prefix HD
Holdings
Withdrawn status Lost status Source of classification or shelving scheme Damaged status Not for loan Collection code Home library Current library Shelving location Date acquired Total Checkouts Full call number Barcode Date last seen Copy number Price effective from Koha item type
    Library of Congress Classification     Non-fiction Mashava Campus Library Mashava Campus Library General Stacks 05/04/2021   HD31 JON 2008 B016176 05/04/2021 c. 1 05/04/2021 Books